000 01719cam a2200265 4500
001 ABS64276
008 010806n2001 000 0 eng u
035 _a(Sirsi) u113959
100 _aThompson, B.
245 _aNumbers that will unsettle the e-sceptics
260 _c2001
490 _aEstates Gazette
_v(0129) 21 July 2001, 106-107(2)
520 _aLatest research, "Connectivity 2001" from King Sturge and H+H Marketing is based on a survey, in its fifth year, of 71 building occupiers. The survey aims to monitor internet usage, the demand for increased bandwidth and attempts to establish how attractive buildings that offer internet access are to potential occupiers. The findings show the index of connectivity - an indication of the speed at which net connections are made - increasing by over 600% over the last two years as the occupiers search for better access speeds. The demand for high speed connections within properties is outstripping supply. Despite rapid growth in average access speeds, the survey records the highest level of dissatisfaction yet: 67% are unhappy with access speeds and 58% will need to upgrade in the near future. The research suggests that there is a growing demand for landlords to offer high bandwidth connections as part of the building package and that any shortfall in provision will begin to have more of an effect on location and value.
590 _aABS
650 _aOCCUPIERS
650 _aBANDWIDTH
650 _aKING STURGE
650 _aSUPPLY AND DEMAND
650 _aADSL
650 _aINTERNET CONNECTION
650 _aIT INFRASTRUCTURE
650 _aPROPERTY-COMMERCIAL PROPERTY
690 _aINFORMATION TECHNOLOGY-INTERNET
942 _n0
999 _c67910
_d67910